Implementación del programa de simulación optiwave para el diseño de redes de comunicación ópticas en el LAFTLA

Spremljeno u:
Bibliografski detalji
Glavni autor: Marín Morales, Mario
Format: Knjiga
Jezik:Spanish
Izdano: [San José, Costa Rica] 2011
Teme:
Oznake: Dodaj oznaku
Bez oznaka, Budi prvi tko označuje ovaj zapis!

MARC

LEADER 00000nam a22000007a 4500
003 010726
005 20221231143929.0
008 151104b2011 cr a|||| |||| 00| 0 spa d
040 |c cru CEDI  
090 |a TFG 6552 
100 |9 2067  |a Marín Morales, Mario  
245 |a  Implementación del programa de simulación optiwave para el diseño de redes de comunicación ópticas en el LAFTLA  
260 |a [San José, Costa Rica]  |c 2011 
500 |a Tesis (licenciatura en ingeniería eléctrica)--Universidad de Costa Rica. Facultad de Ingeniería. Escuela de Ingeniería Eléctrica 
650 |x REDES DE OPTICA DE FIBRA   |x FIBRA OPTICA   |x SISTEMAS DE COMUNICACION   |x OPTISYSTEM (PROGRAMAS PARA COMPUTADORA)   |x UNIVERSIDAD DE COSTA RICA. FACULTAD DE INGENIERIA. ESCUELA DE INGENIERÍA ELECTRICA.   |x LABORATORIO DE FOTÓNICA Y TECNOLOGÍA LÁSER APLICADA  |9 2068 
942 |c TFG 
999 |c 14397  |d 14397